LEADER 01077nam a2200277 a 4500 001 991003927039707536 008 020 $a9781118914069 020 $a9781118914038 (print) 035 $ab14410291-39ule_inst 040 $aDip.to di Storia, Società e Studi sull'Uomo$bita 082 0 $a418.0078 245 14$aThe Handbook of technology and second language teaching and learning$h[e-book] /$cedited by Carol A. Chapelle and Shannon Sauro 260 $aNew York :$bWiley-Blackwell,$c2017 300 $aebook 490 0 $aBlackwell handbooks in linguistics 506 $aAcquisto progetto regionale SMART-IN 650 4$aLingue [e] Linguistica 700 $aSauro, Shannon 700 1 $aChapelle, Carol A. 856 40$uhttps://onlinelibrary.wiley.com/doi/book/10.1002/9781118914069$zE-book 907 $a.b14410291$b03-03-22$c02-03-21 912 $a991003927039707536 996 $aHandbook of technology and second language teaching and learning$91771720 997 $aUNISALENTO 998 $ale023$b01-03-21$cm$d@ $e-$feng$gus $h4$i0 LEADER 01055nam a22002651i 4500 001 991004189419707536 005 20031007165923.0 008 031111s1993 it |||||||||||||||||lat 035 $ab12539946-39ule_inst 035 $aARCHE-057321$9ExL 040 $aDip.to Lingue$bita$cA.t.i. Arché s.c.r.l. Pandora Sicilia s.r.l. 082 04$a473.51 100 1 $aCalonghi, Ferruccio$072345 245 10$aDizionario della lingua latina /$cFerruccio Calonghi, Oreste Badellino 250 $a3. ed. interamente rifusa ed.aggiornata del dizionario Georges-Calonghi 260 $aTorino :$bRosenberg & Sellier,$c1993 300 $aXIV, 2959 p. ;$c24 cm 650 4$aLingua latina$xDizionari italiani 700 1 $aGeorges, Karl Ernst 907 $a.b12539946$b02-04-14$c13-11-03 912 $a991004189419707536 945 $aLE012 REF 473.51 BAD 2$g1$i2012000250161$lle012$o-$pE0.00$q-$rn$so $t0$u0$v0$w0$x0$y.i12986562$z13-11-03 996 $aDizionario della lingua latina$9168854 997 $aUNISALENTO 998 $ale012$b13-11-03$cm$da $e-$flat$git $h0$i1